000 00379 a2200157 4500
001 117912
041 _apor
082 _aCHROMEBOOK 423
090 _aCHROMEBOOK 423
245 1 0 _aChromebook 423
250 _a. ed.
040 _aBR-BrIDEA
_cBR-BrIDEA
260 _aBRASIL
_bSamsung
_c2018
300 _a1 chromebook
_bModelo: XE310XBA-KT3BR
_cS/N: 09WZ9QBT111537
942 _cDE
999 _c117912
_d117912